How to prepare for the TOEFL test : (Record no. 25084)

MARC details
000 -LEADER
fixed length control field 00809nac a22002051u 4500
008 - FIXED-LENGTH DATA ELEMENTS--GENERAL INFORMATION
fixed length control field 090318t xxu||||| |||| 00| 0 eng d
010 ## - LIBRARY OF CONGRESS CONTROL NUMBER
LC control number 2003070920
020 ## - INTERNATIONAL STANDARD BOOK NUMBER
International Standard Book Number 0764123157 (book only)
020 ## - INTERNATIONAL STANDARD BOOK NUMBER
International Standard Book Number 0764175769 (book with compact disks)
020 ## - INTERNATIONAL STANDARD BOOK NUMBER
International Standard Book Number 0764175785 (book with CD-ROM)
082 00 - DEWEY DECIMAL CLASSIFICATION NUMBER
Classification number 428.0076
Item number SHA
245 10 - TITLE STATEMENT
Title How to prepare for the TOEFL test :
Remainder of title test of English as a foreign language /
Statement of responsibility, etc Pamela J. Sharpe.
250 ## - EDITION STATEMENT
Edition statement 11th ed.
260 ## - PUBLICATION, DISTRIBUTION, ETC. (IMPRINT)
Place of publication, distribution, etc Hauppauge, N.Y. :
Name of publisher, distributor, etc Barron's,2004.
Date of publication, distribution, etc 2004.
300 ## - PHYSICAL DESCRIPTION
Extent x, 740 p. :
Other physical details ill. ;
Dimensions 28 cm.
651 ## - SUBJECT ADDED ENTRY--GEOGRAPHIC NAME
Source of heading or term BUEsh
856 42 - ELECTRONIC LOCATION AND ACCESS
Materials specified Publisher description
Uniform Resource Identifier <a href="http://www.loc.gov/catdir/enhancements/fy0615/2003070920-d.html">http://www.loc.gov/catdir/enhancements/fy0615/2003070920-d.html</a>
856 42 - ELECTRONIC LOCATION AND ACCESS
Materials specified Table of contents only
Uniform Resource Identifier <a href="http://www.loc.gov/catdir/enhancements/fy0615/2003070920-t.html">http://www.loc.gov/catdir/enhancements/fy0615/2003070920-t.html</a>
942 ## - ADDED ENTRY ELEMENTS (KOHA)
Item type Book - Borrowing
Call number prefix 428.0076SHA
Source of classification or shelving scheme Dewey Decimal Classification
Holdings
Withdrawn status Item status Source of classification or shelving scheme Damaged status Not for loan Home library Current library Shelving location Date acquired Source of acquisition Total Checkouts Total Renewals Full call number Barcode Checked out Date last seen Date last borrowed Koha item type Materials specified (bound volume or other part) Vendor
    Dewey Decimal Classification     Central Library Central Library Second Floor 17/10/2007 Purchase 35 60 428.0076 SHA 000006081 15/10/2015 21/05/2015 21/05/2015 Book - Borrowing    
  Lost Dewey Decimal Classification     Central Library Central Library Second Floor 17/10/2007 Purchase 4 2 428.0076 SHA 000008461   03/05/2011 04/03/2010 CD | DVD - With book Lost In Inventory_2005-2015/8/22  
    Dewey Decimal Classification     Central Library Central Library Second Floor 21/11/2010   13 100 428.0076 SHA 000022467 24/11/2018 02/04/2016 02/04/2016 CD | DVD - With book